000 00487nam a2200193 a 4500
005 20140310183548.0
008 110930s19uu xx 00 eng d
020 _a9780415423915
050 _aNX 760
_b.C48 2010
100 _aChong, Derrick
245 _aArts management /
_cDerrick Chong.
250 _a2nd ed.
260 _aLondon :
_bRoutledge,
_c2010.
300 _a256 p. :
_c24 cm.
521 _aMC
650 _aArts
_xManagement
942 _cBK
_2lcc
_kFOR
999 _c24910
_d24910